Philip's geographical digest 1996-97

Αποθηκεύτηκε σε:
Λεπτομέρειες βιβλιογραφικής εγγραφής
Μορφή: Βιβλίο
Γλώσσα:English
Δημοσίευση: Oxford : Heinemann, c1996
Θέματα:
Ετικέτες: Προσθήκη ετικέτας
Δεν υπάρχουν, Καταχωρήστε ετικέτα πρώτοι!

MARC

LEADER 00000nam a2200000 i 4500
001 1/83052
008 990528s1996 eng d
020 |a 0-435-34980-5 
035 |l 10051251 
040 |a GR-MY-UA  |b gre  |e aacr 
041 0 |a eng 
082 0 |a 910.05 
245 1 0 |a Philip's geographical digest 1996-97 
260 |a Oxford :   |b Heinemann,   |c c1996 
300 |a 128 p.  |b tables 
650 0 0 |a Geography  |x Statistics. 
650 0 0 |a Economic geography  |x Statistics. 
852 |a INST  |b LESVOS  |e 19990528  |h 910.05 PHI  |p 005100016050  |q 005100016050  |t REF  |y 23 
901 |a BIBL1-1999-2 
909 |a Λ  |b 062462 
922 |a 1ΕΛΗ  |b 199812  |c ΚΠΣ/ΚΥΒ  |d LEADER 
950 |a 023-1998-09-14